Drug or Nordic Name? (M-Z) - Statistics

General Stats
  • This quiz has been taken 4 times
  • The average score is 8 of 20
Answer Stats
Question Answer % Correct
Mylotarg Drug
100%
Signe Name
75%
Torgny Name
75%
Onfi Drug
50%
Rystiggo Drug
50%
Thordis Name
50%
Thyri Name
50%
Ylvi Name
50%
Tundra Both
25%
Ofev Drug
25%
Ojjaara Drug
25%
Stivarga Drug
25%
Stribild Drug
25%
Vibegron Drug
25%
Thindra Name
25%
Vilbogi Name
25%
Wibeke Name
25%
Widuwald Name
25%
Viibryd Drug
0%
Thamine Name
0%
No matching quizzes found
Score Distribution
Percent of People with Each Score
Percentile by Number Answered
Your Score History
You have not taken this quiz